| 000 | 00334 a2200133 4500 | ||
|---|---|---|---|
| 001 | 90298 | ||
| 082 | _a891.4392 WAJ | ||
| 090 |
_c42618 _d42618 |
||
| 100 | _aWajida Tabassum | ||
| 245 |
_aWajida Tabassum kay Bemisaal Afsanay _hUrdu |
||
| 260 |
_aLahore _bAlhamd Publications _c2008 |
||
| 300 | _a352p. | ||
| 500 | _aGeneral Books | ||
| 942 |
_aNUST-CAE _k891.4392 WAJ |
||
| 999 |
_c325371 _d325371 |
||